Rev. Patr. Fr. Francisci Henno Theologia dogm. moral. et scholast in gratiam & juvamen studios Juventutis franciscana F.F. Minor Recollectorum, Tomus tertus, complectens tractatus de vitiis et virtutibus. (Record no. 8493)

MARC details
000 -CABECERA
campo de control de longitud fija 00864nam a2200217 a 4500
001 - NÚMERO DE CONTROL
campo de control BRCA_8842
005 - FECHA Y HORA DE LA ÚLTIMA TRANSACCIÓN
campo de control 20190320210431.0
008 - DATOS DE LONGITUD FIJA--INFORMACIÓN GENERAL
campo de control de longitud fija 120517s1785----it-#######---#000-0#lat-#
041 ## - CÓDIGO DE LENGUA
Código de lengua del texto/banda sonora o título independiente lat
044 ## - CÓDIGO DEL PAÍS DE LA ENTIDAD EDITORA/PRODUCTORA
Código MARC del país it
084 ## - OTRO NÚMERO DE CLASIFICACIÓN
Número de clasificación BE224
Número de documento/Ítem .H46 1785
100 1# - ENTRADA PRINCIPAL--NOMBRE DE PERSONA
Nombre de persona Henno, Franz
9 (RLIN) 22027
245 10 - MENCIÓN DE TÍTULO
Título Rev. Patr. Fr. Francisci Henno Theologia dogm. moral. et scholast in gratiam & juvamen studios Juventutis franciscana F.F. Minor Recollectorum, Tomus tertus, complectens tractatus de vitiis et virtutibus.
260 ## - PUBLICACIÓN, DISTRIBUCIÓN, ETC.
Lugar de publicación, distribución, etc. Venetiis
Nombre del editor, distribuidor, etc. Sumpt. Haeredis Nicolai Pezzana
Fecha de publicación, distribución, etc. 1785
300 ## - DESCRIPCIÓN FÍSICA
Extensión 512 p . (t.3)
Dimensiones 17 x 10 cm.
500 ## - NOTA GENERAL
Nota general Superiorum permissu, ac Privilegio
500 ## - NOTA GENERAL
Nota general Estado físico: presenta encuadernación en pergamino con cintas rotas y con hojas manchadas
650 14 - PUNTO DE ACCESO ADICIONAL DE MATERIA--TÉRMINO DE MATERIA
Término de materia o nombre geográfico como elemento de entrada Teología doctrinal
Subdivisión cronológica Obras anteriores a 1800
9 (RLIN) 22028
902 ## - CATALOGADOR
Iniciales CFM
942 ## - ELEMENTOS DE PUNTO DE ACCESO ADICIONAL (KOHA)
Fuente del sistema de clasificación o colocación Library of Congress Classification
Tipo de ítem Koha Libros
Holdings
Estado de retiro Estado de pérdida Estado dañado No para préstamo Localización permanente Ubicación/localización actual Fecha de adquisición Total de préstamos Signatura topográfica completa Código de barras Fecha visto por última vez Precio válido a partir de Tipo de ítem Koha
El ejemplar forma parte de la colección y puede ser consultado según las políticas vigentes.       Biblioteca del Museo Franz Mayer (Rogerio Casas-Alatriste) Biblioteca del Museo Franz Mayer (Rogerio Casas-Alatriste) 12/05/2017   BE224 .H46 1785 CFM00169 22/03/2019 22/03/2019 Libros